Piłkarze z Ameryki Poł. i ich pierwsze kluby w Europie - Statystyki

Ogólne statystyki
  • Ten quiz został rozwiązany 273 razy
  • Średni wynik to 7 z 15
Statystyki odpowiedzi
Piłkarz Klub % Poprawnych
Lionel Messi FC Barcelona
98%
Gonzalo Higuain Real Madryt
79%
Sergio Aguero Atletico Madryt
78%
James Rodriguez FC Porto
59%
Angel Di Maria SL Benfica
58%
Philippe Coutinho Inter Mediolan
56%
Arturo Vidal Bayer Leverkusen
44%
Edinson Cavani US Palermo
44%
Fred Szachtar Donieck
43%
Luis Suarez FC Groningen
35%
Javier Mascherano West Ham
23%
Diego Godin Villarreal
21%
Jefferson Farfan PSV Eindhoven
12%
Fabinho Rio Ave
6%
Marcos Rojo Spartak Moskwa
5%
Nie znaleziono quizów pasujących do podanych kryteriów
Rozkład punktacji
Procent ludzi z każdym wynikiem
Percentyl według liczby udzielonych odpowiedzi
Twoja historia wyników
Nie rozwiązałeś tego quizu